000 00318pab a2200145 454500
008 180718b2001 xxu||||| |||| 00| 0 eng d
100 _aMacwan, Martin
245 _a(Un)touchable in Durban
260 _c2001
300 _ap.21-24
362 _aDec
650 _aUntouchables
773 _aSeminar
909 _a50727
999 _c50727
_d50727